000 00867nam0a22002291 4500
001 rc\497763
005 20260407041712.0
035 _a(NLR Aleph) 005739101
090 _a4718926
_c4718926
100 _a20030616d1988 |||y0rusy50 ca
101 0 _arus
102 _aRU
105 _ay |||||||||
200 1 _aРекомендации по семеноводству F₁ гибридов поздней лежкой кочанной капусты
_fВсесоюз. об-ние "Союзсортсемовощ", Моск. с.-х. акад. им. К.А. Тимирязева
210 _aМ.
_cТСХА
_d1988
215 _a22 с.
_d20
712 0 2 _a"Союзсортсемовощ", всесоюзное об-ние
_3RU\NLR\AUTH\8810013846
_9525587
801 0 _aRU
_bNLR
_gpsbo
801 1 _aRU
_bELAR
_2rusmarc
852 _aNLR
_j88-4/23698
942 _cBOOK
980 _aNB